Representing the Nation : (Record no. 3397)
[ view plain ]
| 000 -LEADER | |
|---|---|
| fixed length control field | 00276nam a2200097Ia 4500 |
| 008 - FIXED-LENGTH DATA ELEMENTS--GENERAL INFORMATION | |
| fixed length control field | 240331s9999 xx 000 0 und d |
| 082 ## - DDC Classification | |
| Item Number - Author Mark | REP |
| 100 ## - MAIN ENTRY--PERSONAL NAME | |
| Personal name | Boswell, D. ed. |
| 245 #0 - TITLE STATEMENT | |
| Title | Representing the Nation : |
| Remainder of title | A reader, Histories, heritage and museand Museums reader |
| 942 ## - Koha item type (Biblio) | |
| Koha item type | Books in Stacks (Lending) |
| Lost status | Damaged status | Collection code | Home library | Current library | Shelving location | Date acquired | Full call number | Accession Number | Item type |
|---|---|---|---|---|---|---|---|---|---|
| Lending | WERC Library | WERC Library | Social Science Cupboard | 03/31/2024 | 907.2 REP | 2958 | Books in Stacks (Lending) |
